Absteiger aus den Top-5-Ligen 2023–24 - Statistiken

Allgemein
  • Dieses Quiz wurde 40 mal gespielt
  • Das Durchschnittsergebnis liegt bei 5 aus 14
Antwortstatistiken
Nation Antwort % Korrekt
Bundesliga FC Köln
92%
Bundesliga Darmstadt 98
81%
Premier League Burnley
54%
Premier League Luton Town
46%
Premier League Sheffield United
35%
Ligue 1 Metz
32%
Serie A Salernitana
30%
Serie A Sassuolo
30%
La Liga Cadíz
27%
La Liga Granada
27%
Ligue 1 Clermont Foot
24%
Ligue 1 Lorient
19%
La Liga Almería
16%
Serie A Frosinone
16%
Keine übereinstimmenden Quizze gefunden
Verteilung der Resultate
Anzahl Personen mit jedem Resultat
Perzentil nach korrekt beantworteten Fragen
Ihre Resultats-Entwicklung
Sie haben dieses Quiz noch nicht gespielt